000 01157nam2a22002891 4500
001 rc\3349548
005 20250609182929.0
021 _aRU
_b72-48307
021 _aRU
_b72-48298
021 _aRU
_bРг11366-72
035 _a(NLR Aleph) 007435432
090 _a7059743
_c7059743
100 _a20130115d1972 |||y0rusy50 ca
101 0 _arus
102 _aRU
105 _aa z |||||
200 1 _aУсилители
_fПокровский, В.В., канд. техн. наук
210 _d1972
_aБ. м.
215 _a40 с.
_cил.
_d21
461 0 _1001rc\3349545
_12001#$aЛекции по основам автоматики$e[В 6 вып.]$eВып. 1-$fВоен. акад. тыла и транспорта$vВып. 4
_97059715
_cЛенинград
_d1972
_fВоен. акад. тыла и транспорта
_nБ. и.
_o[В 6 вып.] : Вып. 1-
_tЛекции по основам автоматики
_vВып. 4
700 1 _aПокровский
_bВ.В.
712 0 2 _aВоенная акад. тыла и транспорта
801 0 _aRU
_bNLR
_gpsbo
801 1 _aRU
_bELAR
_2rusmarc
852 _aNLR
_j72-4/18725
942 _cBOOK
980 _aNB